Statistics for Characters from the Prince of Egypt Movie

Click here to take the quiz!

General Stats

  • This quiz has been taken 22 times
  • The average score is 5 of 11

Answer Stats

Hint Answer % Correct
Main CharacterMoses
100%
Main character's brotherAaron
71%
Adoptive BrotherRameses
67%
Main character's sisterMiriam
52%
Adoptive FatherPharaoh Seti
38%
PriestHotep
38%
Adoptive MotherQueen Tuya
33%
Main character's wifeTzipporah
33%
Wife's fatherJethro
33%
Main character's motherJochebed | Yocheved
29%
PriestHuy
19%

Score Distribution

Percentile by Number Answered

Percent of People with Each Score

Your Score History

You have not taken this quiz